Warwickshire Tourist Attractions - Statistics

General Stats
  • This quiz has been taken 32 times
  • The average score is 4 of 10
Answer Stats
Picture Answer % Correct
Warwick Castle
100%
Kenilworth Castle
89%
Butterfly Farm
48%
Shakespeare's Birthplace
41%
Baddesley Clinton
30%
Anne Hathaway's Cottage
22%
Charlecote Park
19%
Packwood House
19%
Coventry Cathedral Ruins
11%
Coventry Glass Bridge
0%
No matching quizzes found
Score Distribution
Percent of People with Each Score
Percentile by Number Answered
Your Score History
You have not taken this quiz